Top Marcatori Mondiali di Calcio - Morte improvvisa - Statistics

Statistiche generali
  • Questo quiz è stato fatto 550 volte
  • Il punteggio medio è 5 su 15
Answers on the Grid
Answers color-coded by a green-red scale on the quiz's grid according to % correct below.
Miroslav Klose
Ronaldo
Gerd Müller
Just Fontaine
Lionel Messi
Pelé
Kylian Mbappé
Sándor Kocsis
Jürgen Klinsmann
Helmut Rahn
Gary Lineker
Gabriel Batistuta
Teófilo Cubillas
Thomas Müller
Grzegorz Lato
Eusébio
Christian Vieri
Paolo Rossi
David Villa
Roberto Baggio
Harry Kane
Neymar
Diego Maradona
Cristiano Ronaldo
Luis Suárez
Enner Valencia
James Rodríguez
Dennis Bergkamp
Thierry Henry
Zinédine Zidane
 
Statistiche sulle risposte
Risposta % Corretto
Miroslav Klose
80%
Lionel Messi
77%
Ronaldo
71%
Pelé
70%
Kylian Mbappé
63%
Gerd Müller
59%
Just Fontaine
32%
Thomas Müller
29%
Gabriel Batistuta
14%
Gary Lineker
13%
Jürgen Klinsmann
10%
Sándor Kocsis
9%
Grzegorz Lato
7%
Helmut Rahn
6%
Teófilo Cubillas
6%
Nessun quiz corrispondente trovato
Distribuzione punteggi
Percentuale di utenti per punteggio
Percentile per numero di risposta
I tuoi punteggi nel tempo
Non hai fatto questo quiz